000 00562nam a22001817a 4500
999 _c190855
_d190855
005 20220808104205.0
010 _aENG-134342
020 _a9789390961825
_c595.00
035 _aEN-117874
037 _bDBAD/PUB
082 _a339.53
100 _aGoradia, Prafull
245 _aMerchants of Debt & Other Essays/
_cPrafull Goradia
260 _aNew Delhi
_bWit Books Nad Services Pvt Ltd
_c2022
270 _a2/15, Ansari Road, Daryaganj
_bNew Delhi
_e110002
_minfo@withbooks.in
300 _a278p.
_c23cm(hb)
942 _2ddc
_cEN
_h339.53
_mGOR